Personnage de friends - Statistiques

Statistiques générales
  • Ce quiz a été pris 747 fois
  • Le résultat moyen est 11 sur 37
Statistiques - réponses
Indices Réponse % Correct
Jennifer Aniston Rachel Green
97%
Matthew Perry Chandler Bing
96%
Courteney Cox Monica Geller
96%
David Schwimmer Ross Geller
95%
Matt Leblanc Joey Tribbiani
92%
Lisa Kudrow Phoebe Buffay
87%
James Michael Tyler Gunther
63%
Lisa Kudrow Ursula Buffay
59%
Cole Sprouse Ben Geller
56%
Elliott Gould Jack Geller
41%
Paul Rudd Mike hannigan
36%
Christina Pickles Judy Geller
34%
Tom Selleck Richard Burke
34%
Cali et noelle sheldon Emma
27%
Christina Applegate Amy Green
23%
Giovanni Ribisi Frank Buffay jr.
21%
Hank Azaria David
14%
Kathleen Turner Charles Bing
13%
Morgan Fairchild Nora Tyler Bing
13%
Helen Baxendale Emily Waltham
12%
Cosimo Fusco Paolo
11%
Jane Sibbett et Anita Barone Carol Willick
10%
Anna faris Erica
10%
Ron Leibmann Leonard Green
9%
Marlo Thomas Sandra Green
9%
June Gable Estelle Leonard
8%
??? Marcel
6%
Larry Hankin Mr.Heckles
6%
Aisha Tyler Charlie Wheeler
5%
Michael G.Hagerty Mr.Treeger
3%
Maggie Wheeler Janice Goralnik
2%
Alison LaPlaca Joanna
2%
Steven Eckholdt Mark Robinson
1%
Steve Ireland Mr.Zelner
1%
Sam Mcmurray Douglas
0%
??? The chick
0%
??? The duck
0%
Aucun quiz correspondant
Distribution des résultats
% des personnes avec chaque résultat
Percentile par nombre de réponses
Votre historique - résultats
Vous n’avez pas pris ce quiz